00478nam a22001577a 450000500170000001000150001702000260003203500140005803700130007208200080008510000220009324500650011526000270018027000800020730000330028720220427145520.0 aENG-132425 a9788171921485c675.00 aEN-115957 bDBAD/PUB a880 aWanjari, Priya D. aAmrita Pritam:bHer Poetry and Literature/cPriya D. Wanjari aNagpurbDATTSONSc2020 aJawaharlal Nehru Marg Sadar, e440001bNagpurmdattsonspublishers@gmail.com avii, 101p.bIndexc23cm(hbk)